Statystyki dla Małe państwa z dostępem do morza

Kliknij tutaj aby rozwiązać quiz!

Ogólne statystyki

  • Ten quiz został rozwiązany 77 razy
  • Średni wynik to 7 z 15

Statystyki odpowiedzi

MiejscePaństwo% Poprawnych
1.Monako
86%
3.Bahrajn
69%
2.Singapur
62%
7.Katar
61%
8.Belize
55%
6.Brunei
54%
4.
Timor
48%
11.Izrael
46%
5.Gambia
44%
10.Liban
42%
9.Salwador
41%
13.Gujana
30%
12.Surinam
28%
14.Ekwador
15%
15.Urugwaj
14%

Rozkład punktacji

Percentyl według liczby udzielonych odpowiedzi

Procent ludzi z każdym wynikiem

Twoja historia wyników

Nie rozwiązałeś tego quizu